Представление документа в формате RUSMARC

ПолеНазваниеЗначение
  Тип записи c
  Библиографический уровень m
001 Контрольный номер RU/УОНБ/EK_N/388683155
005 Дата корректировки 20240131001608.1
010 Индекс ISBN __
9 Тираж 3400 экз.
013 Номер (ISMN) __
d Цена 61 к.
071 Издательские номер (звукозапись и ноты) 21
a Номер, присвоенный агентством с4059к
100 Данные общей обработки __
a Данные общей обработки 20120425d1976 u y0rusy0189||||ca
101 Язык документа 0_
a Язык текста rus
102 Страна публикации __
a Страна публикации RU
105 Кодированные данные (монография) __
a Кодированные данные (монография) y###||||000|y
125 Кодированные данные звукозаписи и нотных изданий __
a Форма изложения нотного текста с|
128 Кодированные данные (звукозаписи-физические характеристики) __
a Кодированные данные: Музыкальная форма и тональность или лад voc
c Инструменты или голоса, рекомендуемые для солистов (устаревшее) vu||
c Инструменты или голоса, рекомендуемые для солистов (устаревшее) ka||
200 Заглавие и сведения об ответственности 1_
a Заглавие Вып. 5
e Сведения, относящиеся к заглавию для голоса в сопровожд. фп.
210 Выходные данные 1_
d Дата издания 1976
215 Физическое описание __
a Объем 46 c.
327 Примечание о содержании 11
a Примечание о содержании Содерж. : Халмамедов Н. Вокализ. - Комраков Г. Вокализ. - Ломдаридзе Э. Вокализ : грузинский напев. - Сорокин К. Два вокализа. - Кикта В. Вокализ-былина. - Шапорин Ю. Вокализ. - Касьянов А. Два вокализа. - Лапутин Л. Вокализ. - Хачатурян А. Вокализ Дездемоны : из кф "Отелло".
461 Уровень набора _0
1 001RU/УОНБ/EK_N/388680735
1 200
a Вокализы
b [Ноты]
v Вып. 5
1 210
a М.
c Сов. композитор
d 1976
464 Аналитический уровень _0
1 2001
a Вокализ
1 700 1
a Халмамедов
b Н.
4 230
464 Аналитический уровень _0
1 2001
a Вокализ
1 700 1
a Комраков
b Г.
4 230
464 Аналитический уровень _0
1 2001
a Вокализ
e грузинский напев
1 700 1
a Ломдаридзе
b Э.
4 230
464 Аналитический уровень _0
1 2001
a Два вокализа
1 700 1
a Сорокин
b К.
4 230
464 Аналитический уровень _0
1 2001
a Вокализ-былина
1 700 1
a Кикта
b В.
4 230
464 Аналитический уровень _0
1 2001
a Вокализ
1 700 1
a Шапорин
b Ю.
4 230
464 Аналитический уровень _0
1 2001
a Два вокализа
1 700 1
a Касьянов
b А.
4 230
464 Аналитический уровень _0
1 2001
a Вокализ
1 700 1
a Лапутин
b Л.
4 230
464 Аналитический уровень _0
1 2001
a Вокализ Дездемоны
e из кф. "Отелло"
1 700 1
a Хачатурян
b А.
4 230
1 50010
a Отелло
606 Тематические рубрики 0_
a Основная рубрика Вокализы
610 Ключевые слова 0_
a Ключевые слова вокализы
686 Индексы других классификаций __
a Классификационный индекс 85.943.91
2 Код системы rubbk
801 Источник записи _0
a Страна RU
b Организация Ульяновская ОНБ
c Дата составления 20120425
g Правила каталогизации RCR
801 Источник записи _1
a Страна RU
b Организация Ульяновская ОНБ
c Дата составления 20120425
g Правила каталогизации RCR
901 Тип документа __
t Тип документа n
w Контрольный № источника RU/УОНБ/EK_N/388680735
909 Создатель записи __
a Создатель записи Лобина Л. И.
938 Служебная информация __
a Имя БД noti
b Имя библиотеки УОНБ
c Имя АИБС МАРК-SQL
d Номер DOC_ID в БД 10014